00378nam a2200145Ia 4500008004100000020001500041041001200056082001600068100001400084245006700098260002900165300000800194650001600202700001400218221030s9999 xx 000 0 und d a8176352721 aEnglish a105.23bCar aG. Carter 0aSams Teach Yourself Samba in 24 Hourscby G. Carter, R. Sharpe bBPB PubaNew Delhic1999 a490 aBE Computer aR. Sharpe